| 000 | 00357nam a2200145Ia 4500 | ||
|---|---|---|---|
| 008 | 150201s1995 xx 000 0 und d | ||
| 082 |
_a611 _bH1995R |
||
| 100 | _aROSS.MICHAEL H. | ||
| 245 | _aHISTOLOGY: A TEXT & ATLAS | ||
| 250 | _a3RD | ||
| 260 |
_bLIPPINCOTT PUBLICATION _aPHILADELPHIA _c1995 |
||
| 300 | _a1-823 | ||
| 650 | _aANATOMY | ||
| 942 |
_2ddc _cBK |
||
| 999 |
_c2860 _d2860 |
||